000
00308nam a2200133Ia 4500
008
191201s2015 xx 000 0 und d
100
_a
SHETTY, M S
245
0
_a
Concrete Technology
250
_a
-
260
_c
2015
_b
S Chand and Co. Ltd.
_a
New Delhi
300
_a
660
650
_a
CIVIL
942
_2
ddc
_c
BB
999
_c
7664
_d
7664